Introuduction to Biotechnology/ (Record no. 186423)

MARC details
000 -LEADER
fixed length control field 00698nam a22002057a 4500
005 - DATE AND TIME OF LATEST TRANSACTION
control field 20220228113717.0
010 ## - LCCN (DPL NO)
LC control number ENG-131826
020 ## - INTERNATIONAL STANDARD BOOK NUMBER
International Standard Book Number 9789353945350
Terms of availability 739.00
035 ## - SYSTEM CONTROL NUMBER
System control number EN-115358
037 ## - SOURCE OF ACQUISITION
Source of stock number/acquisition DBAD/PUB
082 ## - DEWEY DECIMAL CLASSIFICATION NUMBER
Classification number 660.6
100 ## - MAIN ENTRY--PERSONAL NAME
Personal name Thieman, William J.
245 ## - TITLE STATEMENT
Title Introuduction to Biotechnology/
Statement of responsibility, etc William J. Thieman, Micheal A. Palladino
250 ## - EDITION STATEMENT
Edition statement 4e
260 ## - PUBLICATION, DISTRIBUTION, ETC. (IMPRINT)
Place of publication, distribution, etc Uttar Pradesh
Name of publisher, distributor, etc Pearson India Education Services Pvt. Ltd
Date of publication, distribution, etc 2021
270 ## - ADDRESS
City Uttar Pradesh
Address 15th Floor, Tower-B, World Trade Tower, Plot No. 1, Block-C, Sector 16, Noida
Postal code 201301
300 ## - PHYSICAL DESCRIPTION
Extent vp.
Other physical details Index
Dimensions 25cm(pbk)
700 ## - ADDED ENTRY--PERSONAL NAME
Personal name Palladino, Micheal A.
942 ## - ADDED ENTRY ELEMENTS (KOHA)
Source of classification or shelving scheme Dewey Decimal Classification
Item type English Books
Classification part 660.6
Call number suffix THI
Holdings
Withdrawn status Lost status Not for loan Collection code Home library Current library Date acquired Source of acquisition Cost, normal purchase price Full call number Barcode Copy number Cost, replacement price Koha item type
      Non-fiction Central Library Central Library 28/02/2022 DBAD/PUB 739.00 660.6 THI EN-115358 1 739.00 English Books

© Delhi Public Library
Hit Counter
free hit counter